| 000 | 01158nam a2200277Ia 4500 | ||
|---|---|---|---|
| 003 | OSt | ||
| 005 | 20210512160315.0 | ||
| 008 | 210310s1977 sp ad gr 000 0 spa d | ||
| 020 | _a8472352943 | ||
| 040 |
_aCO-JMCR _cCO-JMCR |
||
| 041 | 0 | _aspa | |
| 082 | 0 | 4 |
_a330.947 / _bS678e _223 |
| 100 | 1 |
_aSokoloff, Georges, _eautor _926172 |
|
| 245 | 1 | 3 |
_aLa economía de la URSS al desnudo : _bdecisiones políticas y vida económica / _cGeroges Sooloff ; traducción, Rodrigo Rama |
| 250 | _aPrimera edición | ||
| 260 |
_aBarcelona, España : _bDopesa, _c1977. |
||
| 300 |
_a246 páginas : _bilustraciones y gráficas en blanco y negro ; _c24 cm. |
||
| 501 | _aCon: notas a pie de página. | ||
| 505 | 0 | _aLa conciencia.-- La experiencia. -- Con ciencia y prudencia. | |
| 520 | 0 | _a¿Cuál es el porvenir económico inmediato que se prepara a la URSS?. Para responder a esta delicada cuestión, Georges Sokoloff propone, paradójicamente escrutar el pasado. | |
| 650 | 1 | 4 |
_aUnión Soviética _96622 |
| 650 | 2 | 4 |
_aPolítica y gobierno _937576 |
| 650 | 2 | 4 |
_aPolítica económica _937577 |
| 700 | 1 |
_aRama, Rodrigo, _etraductor _937578 |
|
| 942 |
_2ddc _cBK |
||
| 999 |
_c11680 _d11680 |
||